[Event "33. Senioren LEM Sachsen-Anhalt 65+"]
[Site "Magdeburg, Germany"]
[Date "2025.07.10"]
[Round "4.1"]
[White "Koehler, Gerhard"]
[Black "Heinemann, Ernst"]
[Result "1-0"]
[WhiteElo "2147"]
[BlackElo "2063"]
[PlyCount "101"]
[EventDate "2025.??.??"]

1. Nf3 g6 2. g3 Bg7 3. Bg2 c5 4. c4 Nc6 5. Nc3 a6 6. e3 e5 7. d3 Nge7 8. Nd5 d6
9. Bd2 Rb8 10. Rb1 b5 11. b3 Nxd5 12. cxd5 Ne7 13. e4 b4 14. h4 h6 15. Qc1 Bd7
16. Be3 f6 17. Nd2 h5 18. Nc4 Bb5 19. Bh3 Nc8 20. O-O Bd7 21. Bxd7+ Qxd7 22.
Kg2 Nb6 23. Na5 O-O 24. Nc6 Rb7 25. a3 f5 26. Bg5 Kh7 27. axb4 cxb4 28. Qd2 Nc8
29. f3 Rb5 30. Ra1 a5 31. Rxa5 Rxa5 32. Nxa5 Qb5 33. Nc4 Rf7 34. Ra1 fxe4 35.
dxe4 Bf6 36. Bxf6 Rxf6 37. Ra4 Rf7 38. Qxb4 Qd7 39. Ra8 Kg7 40. Qb8 Rf8 41. Qb4
Qf7 42. Qc3 Qc7 43. f4 Kg8 44. Qe3 exf4 45. gxf4 Qb7 46. Ra2 Kh7 47. Nxd6 Qb8
48. Nxc8 Qxc8 49. Qg3 Qb7 50. Kh2 Rf7 51. Rg2 1-0

[Event "33. Senioren LEM Sachsen-Anhalt 65+"]
[Site "Magdeburg, Germany"]
[Date "2025.07.10"]
[Round "4.2"]
[White "Okrajek, Alexander"]
[Black "Krueger, Erich"]
[Result "1-0"]
[WhiteElo "2187"]
[BlackElo "2002"]
[PlyCount "95"]
[EventDate "2025.??.??"]

1. Nf3 Nf6 2. c4 g6 3. b4 Bg7 4. Bb2 O-O 5. e3 d6 6. Be2 a5 7. b5 Nbd7 8. O-O
e5 9. d3 Nc5 10. Nbd2 Bf5 11. Qc2 Re8 12. Rad1 b6 13. Ng5 Nfd7 14. Nge4 Nxe4
15. Nxe4 Bxe4 16. dxe4 Nc5 17. Ba3 Qh4 18. Bxc5 bxc5 19. b6 Qd8 20. Qd3 Rb8 21.
bxc7 Qxc7 22. Rd2 Rb4 23. Rfd1 Bf8 24. h4 Reb8 25. h5 Kg7 26. g3 Rb2 27. hxg6
hxg6 28. Qd5 Rb1 29. Kg2 Rxd1 30. Bxd1 Be7 31. Ba4 Qb7 32. Bc6 Qb1 33. a4 g5
34. Rd1 Qa2 35. Rh1 Rf8 36. Bd7 Qe2 37. g4 Qc2 38. Kg3 Qb3 39. Kf3 Qc2 40. Rh5
Qb3 41. Bb5 Qc2 42. Rh1 Kg8 43. Qb7 Bf6 44. Qd7 Rd8 45. Qf5 Bg7 46. Bc6 d5 47.
Bxd5 Rxd5 48. cxd5 1-0

[Event "33. Senioren LEM Sachsen-Anhalt 65+"]
[Site "Magdeburg, Germany"]
[Date "2025.07.10"]
[Round "4.3"]
[White "Richter, Rainer"]
[Black "Kahe, Ralph"]
[Result "1/2-1/2"]
[WhiteElo "1996"]
[BlackElo "2149"]
[PlyCount "47"]
[EventDate "2025.??.??"]

1. d4 g6 2. Nf3 Bg7 3. e4 d6 4. Bc4 a6 5. a4 e6 6. Nc3 b6 7. O-O Ne7 8. Bf4 Bb7
9. Qd2 O-O 10. Rad1 Nd7 11. Bh6 Nf6 12. Bxg7 Kxg7 13. Rfe1 d5 14. exd5 Nexd5
15. Nxd5 Nxd5 16. Ne5 h6 17. a5 b5 18. Bxd5 Qxd5 19. f3 c5 20. dxc5 Qxc5+ 21.
Kh1 Bc8 22. c4 bxc4 23. Qc3 f6 24. Nxc4 1/2-1/2

[Event "33. Senioren LEM Sachsen-Anhalt 65+"]
[Site "Magdeburg, Germany"]
[Date "2025.07.10"]
[Round "4.4"]
[White "Fischer, Emil"]
[Black "Kopp, Peter"]
[Result "1-0"]
[WhiteElo "2112"]
[BlackElo "1988"]
[PlyCount "87"]
[EventDate "2025.??.??"]

1. e4 c6 2. d4 d5 3. exd5 cxd5 4. c4 Nf6 5. Nc3 Nc6 6. Nf3 Bg4 7. cxd5 Nxd5 8.
Qb3 Bxf3 9. gxf3 Nb6 10. d5 Nd4 11. Qd1 Nf5 12. Bb5+ Nd7 13. O-O a6 14. Bd3 g6
15. Re1 Qb6 16. Bg5 h6 17. d6 hxg5 18. Bxf5 gxf5 19. dxe7 Bg7 20. Nd5 Qd6 21.
Rc1 Be5 22. f4 gxf4 23. Nc7+ Kxe7 24. Qxd6+ Kxd6 25. Nxa8 Rxa8 26. Rcd1+ Ke6
27. Rxd7 Kxd7 28. Rxe5 Rc8 29. Rxf5 Ke6 30. Rxf4 Rc2 31. Rb4 b5 32. Kf1 Kf5 33.
Kg2 Kg5 34. Kg3 f5 35. h4+ Kh5 36. f3 Rd2 37. Kf4 Kg6 38. a4 bxa4 39. Rb6+ Kh5
40. Kxf5 Kxh4 41. Rxa6 Rxb2 42. Rxa4+ Kg3 43. f4 Rb5+ 44. Kg6 1-0

[Event "33. Senioren LEM Sachsen-Anhalt 65+"]
[Site "Magdeburg, Germany"]
[Date "2025.07.10"]
[Round "4.5"]
[White "Fabig, Holger"]
[Black "Babrikowski, Peter"]
[Result "1/2-1/2"]
[WhiteElo "1955"]
[BlackElo "2103"]
[PlyCount "60"]
[EventDate "2025.??.??"]

1. e4 c5 2. b3 Nc6 3. Bb2 e5 4. Bb5 Nd4 5. Bc4 Nf6 6. Nc3 d6 7. d3 Be7 8. Nge2
Bg4 9. Qd2 O-O 10. Nxd4 cxd4 11. Nd5 Nxd5 12. Bxd5 Bg5 13. Qb4 Qc7 14. O-O Rab8
15. Bc1 Bf6 16. f3 Bd7 17. Rf2 Bc6 18. Bxc6 Qxc6 19. Ba3 Rfd8 20. Raf1 Rbc8 21.
Bc1 a5 22. Qe1 Rd7 23. g3 Qc3 24. Qxc3 Rxc3 25. Re2 Rdc7 26. Rff2 b6 27. a4 h6
28. Ba3 R3c6 29. Bc1 Kf8 30. Kf1 Ke8 1/2-1/2

[Event "33. Senioren LEM Sachsen-Anhalt 65+"]
[Site "Magdeburg, Germany"]
[Date "2025.07.10"]
[Round "4.6"]
[White "Szenetra, Werner"]
[Black "Barten, Ralf"]
[Result "1-0"]
[WhiteElo "2095"]
[BlackElo "1955"]
[PlyCount "61"]
[EventDate "2025.??.??"]

1. Nf3 Nf6 2. g3 d5 3. Bg2 c5 4. d3 Nc6 5. Nbd2 e5 6. e4 Be7 7. O-O O-O 8. exd5
Nxd5 9. Nc4 f6 10. a4 Be6 11. Re1 Qc7 12. Ne3 Rfd8 13. Nh4 Nxe3 14. Bxe3 c4 15.
Be4 cxd3 16. cxd3 Qd7 17. Qh5 f5 18. Nxf5 g6 19. Bxc6 gxh5 20. Bxd7 Rxd7 21.
Nxe7+ Rxe7 22. Bg5 Rd7 23. Rxe5 Bb3 24. Re3 Rc8 25. Bf6 Rc2 26. Bc3 Kf7 27.
Rae1 Bxa4 28. Rf3+ Kg6 29. Rf6+ Kg5 30. h4+ Kg4 31. Kh2 1-0

[Event "33. Senioren LEM Sachsen-Anhalt 65+"]
[Site "Magdeburg, Germany"]
[Date "2025.07.10"]
[Round "4.7"]
[White "Heise, Juergen"]
[Black "Schober, Ralf"]
[Result "1/2-1/2"]
[WhiteElo "1947"]
[BlackElo "2091"]
[PlyCount "29"]
[EventDate "2025.??.??"]

1. b3 Nf6 2. Bb2 c5 3. e3 Nc6 4. c4 e6 5. Nc3 Be7 6. Nf3 O-O 7. Be2 d5 8. d4 b6
9. Ne5 Bb7 10. O-O dxc4 11. Nxc6 Bxc6 12. bxc4 Qd7 13. dxc5 Qxd1 14. Rfxd1 Bxc5
15. Nb5 1/2-1/2

[Event "33. Senioren LEM Sachsen-Anhalt 65+"]
[Site "Magdeburg, Germany"]
[Date "2025.07.10"]
[Round "4.8"]
[White "Stuemer, Paul"]
[Black "Lehr, Thomas"]
[Result "1/2-1/2"]
[WhiteElo "2076"]
[BlackElo "1944"]
[PlyCount "38"]
[EventDate "2025.??.??"]

1. Nf3 d5 2. e3 Nf6 3. d4 e6 4. Bd3 Nbd7 5. Nbd2 Bd6 6. O-O O-O 7. c4 c6 8. b3
e5 9. cxd5 cxd5 10. dxe5 Nxe5 11. Be2 Nc6 12. Bb2 Re8 13. Nd4 Nxd4 14. Bxd4 Be5
15. Nf3 Bxd4 16. Nxd4 Bd7 17. Qd3 Qe7 18. Rac1 Rac8 19. Qb1 Ne4 1/2-1/2

[Event "33. Senioren LEM Sachsen-Anhalt 65+"]
[Site "Magdeburg, Germany"]
[Date "2025.07.10"]
[Round "4.9"]
[White "Krueger, Wolfgang"]
[Black "Gehlen, Bernd"]
[Result "1-0"]
[WhiteElo "2069"]
[BlackElo "1531"]
[PlyCount "101"]
[EventDate "2025.??.??"]

1. Nf3 d5 2. g3 Nf6 3. Bg2 c5 4. O-O e6 5. d3 Nc6 6. Nbd2 Be7 7. e4 dxe4 8.
dxe4 e5 9. c3 a5 10. Qc2 O-O 11. Nc4 Qc7 12. Ne3 Rd8 13. Nd5 Qb8 14. Bg5 Bg4
15. Nxe7+ Nxe7 16. h3 Be6 17. Be3 Qc7 18. Nd2 Rd7 19. f4 exf4 20. gxf4 Rdd8 21.
f5 Bd7 22. Bf4 Qc8 23. Nc4 Ra6 24. a4 Bc6 25. Rad1 Rxd1 26. Rxd1 Qe8 27. b3 Nc8
28. Bc7 Qe7 29. Rd8+ Ne8 30. Rxc8 Qd7 31. Rxe8+ Qxe8 32. Qd2 b5 33. axb5 Bxb5
34. Bf1 Ra7 35. Qd8 Qxd8 36. Bxd8 a4 37. bxa4 Rxa4 38. Nd2 Ra1 39. c4 Bc6 40.
Bg5 Re1 41. Kf2 Ra1 42. Be3 Ra2 43. Kf3 Ra3 44. Ke2 Ra2 45. Bg2 Ba4 46. e5 Bb3
47. Bd5 Bc2 48. e6 fxe6 49. fxe6 Ba4 50. e7+ Kh8 51. Bf7 1-0

[Event "33. Senioren LEM Sachsen-Anhalt 65+"]
[Site "Magdeburg, Germany"]
[Date "2025.07.10"]
[Round "4.10"]
[White "Waltenberger, Udo"]
[Black "Cordes, Lothar"]
[Result "1/2-1/2"]
[WhiteElo "2012"]
[BlackElo "1891"]
[PlyCount "75"]
[EventDate "2025.??.??"]

1. Nf3 c5 2. g3 Nc6 3. c4 g6 4. Bg2 Bg7 5. Nc3 Nf6 6. O-O O-O 7. d4 cxd4 8.
Nxd4 Nxd4 9. Qxd4 d6 10. Qd3 Rb8 11. Bd2 Qb6 12. b3 Bd7 13. Rac1 Bc6 14. e4 Ng4
15. Qe2 h5 16. Nd5 Qd8 17. Bc3 Bxd5 18. exd5 Re8 19. Bxg7 Kxg7 20. Rce1 Qa5 21.
h3 Nf6 22. Rc1 b5 23. Rfd1 bxc4 24. Rxc4 Rbc8 25. b4 Qb5 26. Rdc1 Rxc4 27. Qxc4
Rb8 28. a3 a5 29. bxa5 Qxa5 30. Qd3 Rb5 31. Rd1 Rc5 32. Qe3 Nxd5 33. Bxd5 Rxd5
34. Rxd5 Qxd5 35. Qxe7 Qd1+ 36. Kg2 Qd5+ 37. Kg1 Qd1+ 38. Kg2 1/2-1/2

[Event "33. Senioren LEM Sachsen-Anhalt 65+"]
[Site "Magdeburg, Germany"]
[Date "2025.07.10"]
[Round "4.11"]
[White "Domsgen, Bernd"]
[Black "Broemel, Richard"]
[Result "1-0"]
[WhiteElo "1922"]
[BlackElo "2140"]
[PlyCount "69"]
[EventDate "2025.??.??"]

1. e4 c6 2. d4 g6 3. Nf3 d5 4. exd5 cxd5 5. Nc3 Nf6 6. Ne5 Bg7 7. Bb5+ Bd7 8.
Nxd7 Nbxd7 9. O-O a6 10. Bd3 O-O 11. Bg5 Qb6 12. Ne2 Rfe8 13. Rb1 Rac8 14. c3
Qc6 15. Rc1 b5 16. a3 Nb6 17. b3 Nfd7 18. Qd2 f6 19. Bh6 e5 20. h4 Qe6 21. Bxg7
Kxg7 22. h5 e4 23. Nf4 Qf5 24. Be2 g5 25. h6+ Kg8 26. Nh5 Qg6 27. Ng7 Rf8 28.
g4 f5 29. Nxf5 Rxf5 30. gxf5 Qxh6 31. Kg2 Nf6 32. Rh1 Qg7 33. Qe3 Rc7 34. Qg3
Kf8 35. Qd6+ 1-0

[Event "33. Senioren LEM Sachsen-Anhalt 65+"]
[Site "Magdeburg, Germany"]
[Date "2025.07.10"]
[Round "4.12"]
[White "Schwis, Joachim"]
[Black "Ruether, Rudolf"]
[Result "1/2-1/2"]
[WhiteElo "1922"]
[BlackElo "2071"]
[PlyCount "35"]
[EventDate "2025.??.??"]

1. c4 e5 2. g3 Nf6 3. Bg2 d5 4. cxd5 Nxd5 5. Nc3 Nb6 6. d3 Be7 7. Be3 O-O 8.
Nf3 Nc6 9. O-O Be6 10. a4 Nd5 11. d4 exd4 12. Bxd4 Nxc3 13. Bxc3 Qxd1 14. Rfxd1
Rad8 15. Ne5 Nxe5 16. Bxe5 c6 17. Kf1 f6 18. Bc3 1/2-1/2

[Event "33. Senioren LEM Sachsen-Anhalt 65+"]
[Site "Magdeburg, Germany"]
[Date "2025.07.10"]
[Round "4.13"]
[White "Gutt, Oswald"]
[Black "Kliewe, Hans-Juergen"]
[Result "0-1"]
[WhiteElo "1909"]
[BlackElo "2045"]
[PlyCount "90"]
[EventDate "2025.??.??"]

1. d4 d5 2. Nf3 Nf6 3. c4 c6 4. e3 e6 5. Nc3 Nbd7 6. Qc2 Be7 7. b3 O-O 8. Be2
b6 9. O-O Bb7 10. Bb2 Rc8 11. Rad1 Qc7 12. Qb1 a6 13. cxd5 cxd5 14. Rc1 Qd8 15.
Bd3 g6 16. h3 Bd6 17. Rfd1 Qe7 18. Bf1 b5 19. Ne2 Ne4 20. Rxc8 Rxc8 21. Rc1 Qd8
22. Rxc8 Qxc8 23. Qc1 Qxc1 24. Nxc1 f6 25. a3 Kf7 26. Nd3 Nb6 27. Be2 Bc6 28.
Nb4 Bb7 29. Kf1 a5 30. Nc2 Bc6 31. Ke1 a4 32. b4 Nc4 33. Bc1 Nc3 34. Bxc4 dxc4
35. Bd2 Ne4 36. Ke2 Bd5 37. Be1 h6 38. Nd2 Nxd2 39. Bxd2 Bxg2 40. f3 Bxh3 41.
e4 h5 42. Ne3 e5 43. Bc3 exd4 44. Bxd4 Be6 45. Kf2 h4 0-1

[Event "33. Senioren LEM Sachsen-Anhalt 65+"]
[Site "Magdeburg, Germany"]
[Date "2025.07.10"]
[Round "4.14"]
[White "Domroese, Michael"]
[Black "Bauer, Burkhard"]
[Result "0-1"]
[WhiteElo "1904"]
[BlackElo "2023"]
[PlyCount "96"]
[EventDate "2025.??.??"]

1. e4 g6 2. Nc3 Bg7 3. f4 d6 4. Nf3 Nf6 5. Bc4 O-O 6. d3 c6 7. O-O b5 8. Bb3 a5
9. a4 b4 10. Ne2 Na6 11. Ng3 Rb8 12. f5 Nc5 13. fxg6 hxg6 14. Bc4 d5 15. exd5
cxd5 16. Bb5 Ne6 17. d4 Ne4 18. Be3 Qd6 19. Ne2 Ba6 20. Bxa6 Qxa6 21. Nf4 Nxf4
22. Bxf4 Rbc8 23. Ne5 Qa7 24. Rc1 g5 25. Qg4 Qxd4+ 26. Kh1 gxf4 27. Nxf7 Nf2+
28. Rxf2 Qxf2 29. Nh6+ Kh7 30. Nf5 Rf7 31. Qh3+ Kg8 32. Nxe7+ Rxe7 33. Qxc8+
Bf8 34. Qg4+ Rg7 35. Qe6+ Rf7 36. Qg4+ Kh8 37. Qh5+ Rh7 38. Qe5+ Rg7 39. Qh5+
Kg8 40. Qxd5+ Rf7 41. Qg5+ Bg7 42. Qd8+ Kh7 43. Qd3+ Kh6 44. Rf1 Qc5 45. Rf3
Qf5 46. Rh3+ Kg6 47. Qd6+ Bf6 48. Rf3 Rd7 0-1

[Event "33. Senioren LEM Sachsen-Anhalt 65+"]
[Site "Magdeburg, Germany"]
[Date "2025.07.10"]
[Round "4.15"]
[White "Gries, Volker"]
[Black "Buss, Heiko"]
[Result "1/2-1/2"]
[WhiteElo "2006"]
[BlackElo "1886"]
[PlyCount "44"]
[EventDate "2025.??.??"]

1. e4 g6 2. d4 Bg7 3. Nc3 d6 4. Be3 a6 5. a4 Nf6 6. h3 b6 7. Nf3 Bb7 8. Bd3 O-O
9. O-O c5 10. d5 Nbd7 11. Nd2 h6 12. f4 e6 13. dxe6 fxe6 14. e5 dxe5 15. Bxg6
Nd5 16. Nxd5 exd5 17. fxe5 Rxf1+ 18. Nxf1 Nxe5 19. Bh5 d4 20. Bf4 Qd5 21. Qe2
Rf8 22. Bxe5 Qxe5 1/2-1/2

[Event "33. Senioren LEM Sachsen-Anhalt 65+"]
[Site "Magdeburg, Germany"]
[Date "2025.07.10"]
[Round "4.16"]
[White "McAndrew, Robert"]
[Black "Schwarz, Hans"]
[Result "1-0"]
[WhiteElo "1978"]
[BlackElo "1858"]
[PlyCount "79"]
[EventDate "2025.??.??"]

1. c4 e6 2. g3 f5 3. Bg2 Nf6 4. Nf3 d5 5. O-O c6 6. d3 Bd6 7. Nc3 O-O 8. e4 Bb4
9. exd5 Bxc3 10. bxc3 exd5 11. cxd5 Nxd5 12. c4 Nf6 13. Ba3 Re8 14. Qd2 Be6 15.
Rfe1 Na6 16. Re2 Qc7 17. Rae1 Bf7 18. Bh3 Rxe2 19. Rxe2 Bh5 20. Re3 Bg6 21. Re7
Qb6 22. Bb2 Rf8 23. Nh4 Qd8 24. Re5 Ne4 25. Qe3 Nd6 26. Nxg6 hxg6 27. Re7 Rf7
28. Re6 f4 29. Qe5 Rf6 30. c5 fxg3 31. hxg3 Nxc5 32. Qxc5 Rxe6 33. Bxe6+ Kh7
34. Qe5 Ne8 35. Qe4 Qg5 36. Qh4+ Qxh4 37. gxh4 Nc7 38. Bc8 b6 39. Be5 Nb5 40.
Bd7 1-0

[Event "33. Senioren LEM Sachsen-Anhalt 65+"]
[Site "Magdeburg, Germany"]
[Date "2025.07.10"]
[Round "4.17"]
[White "Reimann, Reinhold"]
[Black "Stern, Geoffrey"]
[Result "1/2-1/2"]
[WhiteElo "1879"]
[BlackElo "1974"]
[PlyCount "36"]
[EventDate "2025.??.??"]

1. d4 e6 2. Nf3 d5 3. e3 Nf6 4. Bd3 c5 5. c3 Nc6 6. Ne5 Nxe5 7. dxe5 Nd7 8. f4
f5 9. O-O Qb6 10. c4 d4 11. e4 g6 12. exf5 exf5 13. Nd2 Qe6 14. Nf3 Be7 15. b3
b6 16. Re1 Bb7 17. Qc2 O-O 18. Qf2 Kh8 1/2-1/2

[Event "33. Senioren LEM Sachsen-Anhalt 65+"]
[Site "Magdeburg, Germany"]
[Date "2025.07.10"]
[Round "4.18"]
[White "Reinhold, Klaus"]
[Black "Roth, Heinz-Georg"]
[Result "0-1"]
[WhiteElo "1969"]
[BlackElo "1808"]
[PlyCount "46"]
[EventDate "2025.??.??"]

1. d4 f5 2. Bg5 Nf6 3. Bxf6 exf6 4. e3 d5 5. Bd3 Nc6 6. a3 a5 7. Qf3 g6 8. h4
h5 9. Ne2 Kf7 10. Nf4 Ne7 11. c4 Bh6 12. Nxd5 Nxd5 13. cxd5 Qd6 14. Nc3 f4 15.
Nb5 Qd8 16. exf4 Bg4 17. Qg3 Qe7+ 18. Kd2 c6 19. f3 Bf5 20. d6 Qd7 21. Rhe1
Rae8 22. Rac1 Bxd3 23. Kxd3 Qf5+ 0-1

[Event "33. Senioren LEM Sachsen-Anhalt 65+"]
[Site "Magdeburg, Germany"]
[Date "2025.07.10"]
[Round "4.19"]
[White "Winkler, Karl"]
[Black "Birken, Michael"]
[Result "1/2-1/2"]
[WhiteElo "1877"]
[BlackElo "1967"]
[PlyCount "53"]
[EventDate "2025.??.??"]

1. e4 c5 2. Nf3 d6 3. d4 cxd4 4. Nxd4 g6 5. Nc3 Bg7 6. f4 Nc6 7. Be3 Nf6 8. Be2
O-O 9. Nxc6 bxc6 10. O-O d5 11. e5 Ne8 12. Na4 f6 13. exf6 Nxf6 14. Nc5 Qb6 15.
Qc1 d4 16. Bxd4 Ne4 17. Nxe4 Bxd4+ 18. Kh1 Bxb2 19. Bc4+ Kg7 20. Qe1 Qd4 21.
Rb1 Qxc4 22. Rxb2 Ba6 23. Rf2 Rab8 24. Rb3 Rxb3 25. cxb3 Qf7 26. Qc3+ Kg8 27.
h3 1/2-1/2

[Event "33. Senioren LEM Sachsen-Anhalt 65+"]
[Site "Magdeburg, Germany"]
[Date "2025.07.10"]
[Round "4.20"]
[White "Niebuhr, Gerd"]
[Black "De Boer, Albert"]
[Result "1/2-1/2"]
[WhiteElo "1940"]
[BlackElo "1865"]
[PlyCount "36"]
[EventDate "2025.??.??"]

1. d4 c5 2. d5 Nf6 3. Nc3 e5 4. f4 e4 5. Nh3 d6 6. Nf2 Bf5 7. e3 h5 8. g3 g6 9.
a4 Bg7 10. Bb5+ Nbd7 11. a5 Qe7 12. h3 a6 13. Be2 Nf8 14. g4 hxg4 15. hxg4
Rxh1+ 16. Nxh1 Bd7 17. Nf2 N6h7 18. Na4 Qh4 1/2-1/2

[Event "33. Senioren LEM Sachsen-Anhalt 65+"]
[Site "Magdeburg, Germany"]
[Date "2025.07.10"]
[Round "4.21"]
[White "Zerfass, Otfried"]
[Black "Klettke, Wolfgang"]
[Result "0-1"]
[WhiteElo "1875"]
[BlackElo "1924"]
[PlyCount "66"]
[EventDate "2025.??.??"]

1. e4 c5 2. Nc3 Nc6 3. f4 g6 4. Nf3 Bg7 5. Bb5 Nd4 6. O-O Nxb5 7. Nxb5 Nf6 8.
Qe2 O-O 9. c4 d6 10. d4 a6 11. Nc3 cxd4 12. Nxd4 Qc7 13. Kh1 Qc5 14. Nb3 Qc6
15. Nd4 Qb6 16. Nf3 Bg4 17. Be3 Qa5 18. a3 Rac8 19. Rad1 Qc7 20. b3 b5 21. Nd5
Nxd5 22. cxd5 Qc2 23. Qxc2 Rxc2 24. Rc1 Rb2 25. Rc6 Rxb3 26. Bc1 Bxf3 27. Rxf3
Rb1 28. Rf1 a5 29. g4 b4 30. axb4 axb4 31. Kg2 Rb8 32. f5 b3 33. fxg6 hxg6 0-1

[Event "33. Senioren LEM Sachsen-Anhalt 65+"]
[Site "Magdeburg, Germany"]
[Date "2025.07.10"]
[Round "4.22"]
[White "Wulff, Ruediger"]
[Black "Krien, Hartmut"]
[Result "0-1"]
[WhiteElo "1654"]
[BlackElo "1924"]
[PlyCount "122"]
[EventDate "2025.??.??"]

1. d4 Nf6 2. c4 e6 3. Nc3 c5 4. Nf3 cxd4 5. Nxd4 Bb4 6. a3 Bxc3+ 7. bxc3 O-O 8.
Bg5 Qa5 9. Bd2 Nc6 10. e3 Ne4 11. Qc2 Nxd2 12. Qxd2 b6 13. Be2 Bb7 14. O-O Qc5
15. Rfb1 Ne5 16. Nb3 Qc6 17. f3 Rac8 18. Rc1 Nxc4 19. Bxc4 Qxc4 20. Nd4 Ba6 21.
Rab1 d5 22. Rb4 Qd3 23. Qxd3 Bxd3 24. Kf2 Rc7 25. Ke1 Rfc8 26. Kd2 Bc4 27. f4
g6 28. g3 h5 29. h4 Kf8 30. Rc2 Ke7 31. Rb1 Rc5 32. a4 Ra5 33. Rb4 Rac5 34. Rc1
f6 35. Nb3 Bxb3 36. Rxb3 Rc4 37. Ra1 R8c5 38. Raa3 Ra5 39. Rb4 Kd6 40. Kd3 Rcc5
41. Ra1 b5 42. Kc2 a6 43. Kb3 Rc4 44. Rd1 Rxa4 45. Rxc4 Rxc4 46. Ra1 Ra4 47.
Re1 Kc5 48. Rd1 a5 49. Re1 Re4 50. Kc2 Kc4 51. Kd2 a4 52. Rb1 Kc5 53. Kd3 b4
54. cxb4+ Rxb4 55. Rc1+ Rc4 56. Rb1 a3 57. Rb8 Ra4 58. Rb1 a2 59. Ra1 Kb4 60.
Kc2 Ka3 61. Kc3 Rc4+ 0-1

[Event "33. Senioren LEM Sachsen-Anhalt 65+"]
[Site "Magdeburg, Germany"]
[Date "2025.07.10"]
[Round "4.23"]
[White "Kolthoff, Siegmund"]
[Black "Broeder, Hans Gert"]
[Result "1-0"]
[WhiteElo "2063"]
[BlackElo "1804"]
[PlyCount "79"]
[EventDate "2025.??.??"]

1. d4 d5 2. c4 c6 3. Nf3 Nf6 4. e3 Bf5 5. Nc3 e6 6. Nh4 Bg4 7. f3 Bh5 8. g3 Be7
9. Ng2 Ne4 10. Nf4 Nxc3 11. bxc3 Bg6 12. Qb3 Qb6 13. Nxg6 hxg6 14. Rb1 Nd7 15.
cxd5 exd5 16. c4 dxc4 17. Bxc4 Qxb3 18. Rxb3 b5 19. Be2 Nb6 20. O-O O-O 21. Bd2
a6 22. Rc1 Rfc8 23. Rbc3 Bb4 24. R3c2 Bxd2 25. Rxd2 Ra7 26. Kf2 Rac7 27. Rdc2
Kf8 28. h4 Ke7 29. f4 f5 30. g4 Kf6 31. Bf3 Nc4 32. a4 Ke6 33. h5 gxh5 34. gxh5
Kf7 35. Ra2 Nd6 36. axb5 axb5 37. Ra6 Ne4+ 38. Bxe4 fxe4 39. Rc5 Ke7 40. Kg3
1-0

[Event "33. Senioren LEM Sachsen-Anhalt 65+"]
[Site "Magdeburg, Germany"]
[Date "2025.07.10"]
[Round "4.24"]
[White "Schmidt, Joerg"]
[Black "Boettcher, Frank"]
[Result "1-0"]
[WhiteElo "2044"]
[BlackElo "1849"]
[PlyCount "53"]
[EventDate "2025.??.??"]

1. Nf3 d5 2. g3 c5 3. c4 Nf6 4. Bg2 Nc6 5. cxd5 Nxd5 6. Nc3 e6 7. O-O Be7 8. d4
Nxc3 9. bxc3 Qa5 10. Qb3 O-O 11. Bf4 Qa6 12. e4 b6 13. Rfe1 Bb7 14. Bf1 Qa5 15.
d5 Nd8 16. Nd2 exd5 17. exd5 Bf6 18. Rac1 b5 19. Bd6 c4 20. Qa3 Qxa3 21. Bxa3
Bxd5 22. Bxf8 Kxf8 23. Bg2 Bxg2 24. Kxg2 Ne6 25. Ne4 Be7 26. Rb1 f5 27. Nd2 1-0

[Event "33. Senioren LEM Sachsen-Anhalt 65+"]
[Site "Maritim-Hotel Magdeburg"]
[Date "2025.07.10"]
[Round "4.25"]
[White "Mikolajewski, Armin"]
[Black "Bosveld, Henk"]
[Result "1/2-1/2"]
[WhiteElo "1964"]
[BlackElo "1846"]
[PlyCount "47"]
[EventDate "2025.07.07"]
[WhiteTeam "Naumburger Sportverein 1951"]

1. d4 c5 2. d5 Nf6 3. c4 Ne4 4. Qd3 Qa5+ 5. Nd2 Nd6 6. e4 g6 7. Be2 Bg7 8. Ngf3
b5 9. O-O Nxc4 10. Nxc4 bxc4 11. Qc2 c3 12. e5 cxb2 13. Bxb2 O-O 14. Bc3 Qc7
15. Qa4 a5 16. Qh4 f6 17. d6 Qd8 18. Qc4+ e6 19. Qxc5 Nc6 20. Bc4 Nxe5 21. Nxe5
fxe5 22. Bxe5 Rf5 23. f4 Ba6 24. Bxa6 1/2-1/2

[Event "33. Senioren LEM Sachsen-Anhalt 65+"]
[Site "Maritim-Hotel Magdeburg"]
[Date "2025.07.10"]
[Round "4.26"]
[White "Stummeyer, Dieter"]
[Black "Haelsig, Guenter"]
[Result "1-0"]
[WhiteElo "1865"]
[BlackElo "1945"]
[PlyCount "47"]
[EventDate "2025.07.07"]
[WhiteTeam "SG Garbsen/Marienwerder"]
[BlackTeam "USV Potsdam"]

1. e4 Nf6 2. e5 Nd5 3. d4 d6 4. c4 Nb6 5. f4 dxe5 6. fxe5 Nc6 7. Be3 Bf5 8. Nc3
e6 9. Be2 Qh4+ 10. g3 Qe7 11. Nf3 O-O-O 12. c5 Nd7 13. Qa4 f6 14. exf6 gxf6 15.
O-O h5 16. b4 Bh6 17. Bxh6 Rxh6 18. b5 Nxc5 19. Qc4 Ne4 20. bxc6 h4 21. Qb5
bxc6 22. Qxc6 Rd6 23. Qa8+ Kd7 24. Nxe4 1-0

[Event "33. Senioren LEM Sachsen-Anhalt 65+"]
[Site "Maritim-Hotel Magdeburg"]
[Date "2025.07.10"]
[Round "4.27"]
[White "Vonach, Bernhard"]
[Black "Poetke, Dan-Peter"]
[Result "1/2-1/2"]
[WhiteElo "1831"]
[BlackElo "1936"]
[PlyCount "45"]
[EventDate "2025.07.07"]
[WhiteTeam "Sportfr.Windach 1923"]
[BlackTeam "Burger Schachclub Schwarz-Weiss"]

1. Nf3 d5 2. d4 Nf6 3. g3 c6 4. Bg2 Bf5 5. O-O e6 6. b3 Be7 7. Bb2 Nbd7 8. Nbd2
h6 9. c4 O-O 10. Rc1 Ne4 11. cxd5 exd5 12. Nxe4 Bxe4 13. Ne1 Bg6 14. Nd3 Nf6
15. a3 Re8 16. Re1 Bd6 17. b4 Qb6 18. Qb3 a5 19. Nc5 axb4 20. axb4 Qb5 21. Bf1
Bxc5 22. dxc5 Ne4 23. f3 1/2-1/2

[Event "33. Senioren LEM Sachsen-Anhalt 65+"]
[Site "Maritim-Hotel Magdeburg"]
[Date "2025.07.10"]
[Round "4.28"]
[White "Dobierzin, Olaf"]
[Black "Hauke, Hans"]
[Result "1-0"]
[WhiteElo "1932"]
[BlackElo "1836"]
[PlyCount "55"]
[EventDate "2025.07.07"]
[WhiteTeam "Schachgemeinschaft Leipzig"]
[BlackTeam "Naumburger Sportverein 1951"]

1. e4 e5 2. Nf3 Nf6 3. Nxe5 d6 4. Nf3 Nxe4 5. d4 d5 6. Bd3 Be7 7. O-O O-O 8. c4
c6 9. Nc3 Nxc3 10. bxc3 Bg4 11. Bf4 Nd7 12. Re1 Nf6 13. Rb1 dxc4 14. Bxc4 b5
15. Bd3 Bd6 16. Bg5 h6 17. Bh4 g5 18. Bg3 Bxg3 19. fxg3 Qd5 20. Re5 Qxa2 21.
Qc1 Bxf3 22. gxf3 Nh7 23. Qe3 Qa3 24. h4 f6 25. Re7 Rf7 26. Rxf7 Kxf7 27. Bxh7
Re8 28. Bg6+ 1-0

[Event "33. Senioren LEM Sachsen-Anhalt 65+"]
[Site "Maritim-Hotel Magdeburg"]
[Date "2025.07.10"]
[Round "4.29"]
[White "Kluever, Horst"]
[Black "Ehlert, Horst"]
[Result "1/2-1/2"]
[WhiteElo "1798"]
[BlackElo "1928"]
[PlyCount "95"]
[EventDate "2025.07.07"]
[WhiteTeam "Itzehoer SV von 1923"]
[BlackTeam "SV Laatzen"]

1. e4 c5 2. Bc4 e6 3. Nc3 a6 4. a4 Qc7 5. Nf3 Nc6 6. d3 Nf6 7. h3 Be7 8. Be3
O-O 9. O-O b6 10. Ne2 d5 11. exd5 Nxd5 12. Bxd5 exd5 13. Bf4 Bd6 14. Bxd6 Qxd6
15. Ng3 Qg6 16. Re1 d4 17. Ne5 Nxe5 18. Rxe5 Bb7 19. Qg4 Qxg4 20. hxg4 a5 21.
Rae1 Bc6 22. b3 Rfe8 23. Nf5 Rxe5 24. Rxe5 Kf8 25. Nd6 Rb8 26. f4 f6 27. Re2
Bd5 28. Kf2 Rd8 29. Nc4 Bxc4 30. bxc4 Kf7 31. Kf3 g6 32. f5 Rd6 33. g3 Rc6 34.
Rh2 Kg7 35. Re2 Kf8 36. Rh2 Kg7 37. Re2 Kf7 38. Rh2 Kg7 39. Re2 Kf8 40. Rh2 Rc7
41. Re2 Re7 42. Re4 g5 43. Re2 Rxe2 44. Kxe2 Ke7 45. Kd2 Kd6 46. Ke2 Ke5 47.
Kf3 h6 48. Kg2 1/2-1/2